| 000 | 00530nam a22001697a 4500 | ||
|---|---|---|---|
| 999 |
_c8957 _d8957 |
||
| 008 | 210306b ||||| |||| 00| 0 eng d | ||
| 040 | _aBMS College of Architecture | ||
| 100 | _aAhme, Shah Syed Zubair | ||
| 245 | _aPilgrims transit facility - Hajj house | ||
| 300 | _a74p. | ||
| 500 | _a1BM08AT044 | ||
| 502 |
_8B.Arch _NBMS College of Architecture, Visvesvaraya Technological University (VTU) _aProject report _d2013 |
||
| 650 | _aHouse | ||
| 700 |
_aVaseem A S _eGuide |
||
| 700 |
_aSathish S Rao _eGuide |
||
| 942 |
_2ddc _cTHE |
||